MARC details
| 000 -LEADER |
| campo de control de longitud fija |
02334nam a2200409 i 4500 |
| 001 - NÚMERO DE CONTROL |
| campo de control |
195554 |
| 003 - IDENTIFICADOR DE NÚMERO DE CONTROL |
| campo de control |
SpMaBN |
| 005 - FECHA Y HORA DE LA ÚLTIMA TRANSACCIÓN |
| campo de control |
20250712063143.0 |
| 008 - DATOS DE LONGITUD FIJA--INFORMACIÓN GENERAL |
| campo de control de longitud fija |
240619s2005 sp | ||| ||spa |
| 016 7# - NÚMERO DE CONTROL DE UNA AGENCIA BIBLIOGRÁFICA NACIONAL |
| Número de control del registro |
bimoBNE20050437082 |
| Fuente |
SpMaBN |
| 017 ## - NÚMERO DE COPYRIGHT O DE DEPÓSITO LEGAL |
| Número de copyright o de depósito legal |
M 14580-2005 |
| Agencia que asigna |
Oficina Depósito Legal Madrid |
| 020 ## - NÚMERO INTERNACIONAL ESTÁNDAR DEL LIBRO |
| Número Internacional Estándar del Libro |
8436819470 |
| 035 ## - NÚMERO DE CONTROL DEL SISTEMA |
| Número de control de sistema |
(OCoLC)630693484 |
| 040 ## - FUENTE DE CATALOGACIÓN |
| Centro catalogador/agencia de origen |
SpMaBN |
| Lengua de catalogación |
spa |
| Centro/agencia transcriptor |
SpMaBN |
| Normas de descripción |
rdc |
| Centro/agencia modificador |
ES-MaACL |
| 080 ## - NÚMERO DE LA CLASIFICACIÓN DECIMAL UNIVERSAL |
| Número de la Clasificación Decimal Universal |
070(460):658.8 |
| 080 ## - NÚMERO DE LA CLASIFICACIÓN DECIMAL UNIVERSAL |
| Número de la Clasificación Decimal Universal |
050(460):658.8 |
| 100 ## - ENTRADA PRINCIPAL--NOMBRE DE PERSONA |
| Nombre de persona |
Montero Rodríguez, Fernando, |
| Fechas asociadas al nombre |
1966- |
| Número de control del registro de autoridad o número normalizado |
XX1036971 |
| 9 (RLIN) |
237176 |
| Término indicativo de función/relación |
Autor |
| 245 10 - MENCIÓN DEL TÍTULO |
| Título |
Marketing de periódicos y revistas / |
| Mención de responsabilidad, etc. |
Fernando Montero Rodríguez. |
| 260 ## - PUBLICACIÓN, DISTRIBUCIÓN, ETC. |
| Lugar de publicación, distribución, etc. |
Madrid : |
| Nombre del editor, distribuidor, etc. |
Pirámide, |
| Fecha de publicación, distribución, etc. |
[2005]. |
| 300 ## - DESCRIPCIÓN FÍSICA |
| Extensión |
358 páginas : |
| Otras características físicas |
gráficos ; |
| Dimensiones |
23 cm. |
| 336 ## - TIPO DE CONTENIDO |
| Fuente |
rdacontent |
| Término de tipo de contenido |
texto |
| 337 ## - TIPO DE MEDIO |
| Fuente |
rdamedia |
| Nombre/término del tipo de medio |
sin mediación |
| 338 ## - TIPO DE SOPORTE |
| Fuente |
rdacarrier |
| Nombre/término del tipo de soporte |
volumen |
| 490 1# - MENCIÓN DE SERIE |
| Mención de serie |
Colección "Marketing sectorial" |
| 504 ## - NOTA DE BIBLIOGRAFÍA, ETC. |
| Nota de bibliografía, etc. |
Bibliografía: páginas [355]-358 |
| 520 ## - RESUMEN, ETC. |
| Sumario, etc. |
Esta obra es una gran aportación a la escasísima literatura existente en castellano sobre el marketing aplicado a dos sectores tan dinámicos como el de los periódicos y el de las revistas. Se trata de un libro con un evidente enfoque práctico. En sus páginas el lector encontrará abundantes referencias a casos y situaciones reales vividas por el sector en los últimos años: lanzamientos destacados, reposicionamientos de cabeceras, promociones de impacto, algunos grandes fracasos, guerras entre publicaciones, pequeñas revistas que sorprenden al mercado con planteamientos audaces, etc. Este componente práctico se ha complementado con un enfoque pedagógico en el que se explican las herramientas del marketing que se aplican en estos mercados. |
| 650 #0 - PUNTO DE ACCESO ADICIONAL DE MATERIA--TÉRMINO DE MATERIA |
| Término de materia o nombre geográfico como elemento de entrada |
Periódicos- |
| Subdivisión general |
Comercialización- |
| Subdivisión geográfica |
España |
| Fuente del encabezamiento o término |
embne |
| 9 (RLIN) |
237177 |
| 650 #0 - PUNTO DE ACCESO ADICIONAL DE MATERIA--TÉRMINO DE MATERIA |
| Término de materia o nombre geográfico como elemento de entrada |
Publicaciones periódicas- |
| Subdivisión general |
Comercialización- |
| Subdivisión geográfica |
España |
| Fuente del encabezamiento o término |
embne |
| 9 (RLIN) |
237178 |
| 852 ## - LOCALIZACIÓN |
| Ubicación |
ES-MaACL |
| Ubicación en estantería |
Depósito J |
| Número de control de estantería |
N-10046 |
| Donativo/Legado |
Donación: Helena de la Joya |
| Encuadernación |
Encuadernación rústica |
| itemnumber |
206193 |
| 903 ## - NOMBRE PERSONAL DE DONANTE |
| a |
Joya, Helena de la |
| e |
Donante |
| 942 ## - ELEMENTOS DE ENTRADA SECUNDARIOS (KOHA) |
| Tipo de ítem Koha |
Libro impreso |
| Suprimir en OPAC |
No |